000 00720nam a2200241Ia 4500
005 20260129072736.0
008 130821s2004 sp gr spa
020 _a8430941673
020 _a9788430951567
040 _aCo-BoUCM
_bspa
_cDavid Moreno (modificó)
_dDavid Moreno (modificó)
041 0 0 _aspa
100 1 _aCortina, Adela
_929029
245 1 0 _aÉtica sin moral
_cAdela Cortina
250 _a5a. Ed.
260 _aMadrid (España)
_bTecnos
_c2018
300 _a318 páginas
650 0 4 _aConservadurismo
_911676
650 0 4 _aÉtica
_9195
650 0 4 _aModernidad
_919681
650 0 4 _aReligión y moral
_923513
942 _cLIBRO
_a2
_e10
_mC829e
_2DEWEY
_h170
_n0
999 _c47567
_d47567